Culture, Economy, and Coffe /
Guardat en:
| Autor principal: | |
|---|---|
| Format: | Text |
| Matèries: | |
| Etiquetes: |
Afegir etiqueta
Sense etiquetes, Sigues el primer a etiquetar aquest registre!
|
MARC
| LEADER | 00000 a a2200000 04500 | ||
|---|---|---|---|
| 001 | 43088 | ||
| 003 | |||
| 040 | |||
| 100 | |a Topik, Steven C. | ||
| 245 | |a Culture, Economy, and Coffe / |c Steven C. Topik | ||
| 650 | |a CAFE | ||
| 650 | |a CULTIVOS | ||
| 650 | |a DESARROLLO ECONOMICO Y SOCIAL | ||
| 650 | |a LATINOAMERICA | ||
| 773 | |g volumen32, número1 ( , 1997), páginas 124-138 | ||
| 999 | |c 36753 |d 36753 | ||
